000
00212nam a2200097Ia 4500
008
230605s9999 xx 000 0 und d
041
_a
eng
100
_a
Costantino
245
_a
Shots and Shooters
650
_a
GEN
999
_c
417461
_d
417461